Great regional awakening: new directions [book of abstracts] : [RSA] annual conference 2017 : 4th - 7th june 2017, Trinity College Dublin, Ireland
Gespeichert in:
| Körperschaften: | , |
|---|---|
| Weitere Verfasser: | |
| Format: | Buch |
| Sprache: | Englisch |
| Veröffentlicht: |
[Falmer Brighton]
[Regional Studies Association]
2017
|
| Ausgabe: | 1st ed. |
| Schlagworte: | |
| Tags: |
Keine Tags, Fügen Sie das erste Tag hinzu!
|
MARC
| LEADER | 00000nlm a2200000 4500 | ||
|---|---|---|---|
| 001 | 0234268 | ||
| 005 | 20220830110000.4 | ||
| 041 | 0 | |a eng | |
| 044 | |a IE | ||
| 245 | 1 | 0 | |a Great regional awakening: new directions |b [book of abstracts] : [RSA] annual conference 2017 : 4th - 7th june 2017, Trinity College Dublin, Ireland |c this volume has been compiled by Lesa Reynolds |
| 250 | |a 1st ed. | ||
| 264 | 1 | |a [Falmer Brighton] |b [Regional Studies Association] |c 2017 | |
| 300 | |a online [252 s.] | ||
| 610 | 2 | 0 | |a rozvoj regionálny |
| 610 | 2 | 0 | |a regióny |
| 610 | 2 | 0 | |a správa štátna |
| 610 | 2 | 0 | |a správa verejná |
| 610 | 2 | 0 | |a spoločnosť občianska |
| 610 | 2 | 0 | |a kríza finančná |
| 610 | 2 | 0 | |a financie |
| 610 | 2 | 0 | |a globalizácia |
| 610 | 2 | 0 | |a podnikanie |
| 610 | 2 | 0 | |a investovanie |
| 610 | 2 | 0 | |a start-up |
| 610 | 2 | 0 | |a spin-off firmy |
| 610 | 2 | 0 | |a produkcia |
| 610 | 2 | 0 | |a klaster |
| 610 | 2 | 0 | |a siete dátové |
| 610 | 2 | 0 | |a inovácia |
| 610 | 2 | 0 | |a technológie nové |
| 610 | 2 | 0 | |a zmeny technologické |
| 610 | 2 | 0 | |a rast hospodársky |
| 610 | 2 | 0 | |a mestá |
| 610 | 2 | 0 | |a nerovnosť |
| 610 | 2 | 0 | |a politika sociálna |
| 610 | 2 | 0 | |a urbanizmus |
| 610 | 2 | 0 | |a plánovanie |
| 610 | 2 | 0 | |a prostredie životné |
| 610 | 2 | 0 | |a rozvoj trvalo udržateľný |
| 610 | 2 | 0 | |a zmeny klimatické |
| 610 | 2 | 0 | |a bývanie |
| 610 | 2 | 0 | |a infraštruktúra |
| 610 | 2 | 0 | |a energetika |
| 610 | 2 | 0 | |a bezpečnosť |
| 610 | 2 | 0 | |a trh práce |
| 610 | 2 | 0 | |a zdravotníctvo |
| 610 | 2 | 0 | |a kvalita života |
| 610 | 2 | 0 | |a obchod |
| 610 | 2 | 0 | |a politika hospodárska |
| 610 | 2 | 0 | |a politika priemyselná |
| 610 | 2 | 0 | |a migrácia |
| 610 | 2 | 0 | |a demografia |
| 610 | 2 | 0 | |a rozvoj vidieka |
| 610 | 2 | 0 | |a geopolitika |
| 610 | 2 | 0 | |a turistika |
| 610 | 2 | 0 | |a ruch cestovný |
| 700 | 1 | |a Reynolds, Lesa | |
| 110 | 2 | |a Great regional awakening: new directions. RSA annual conference | |
| 710 | 2 | |a Trinity College Dublin | |